00406cam a2200157ua 45000010005000000080039000050400009000440820013000531000030000662450045000962500009001412600036001503000017001866530018002036530027002213681111207n ii |||gr||||Z||||||asm cMAIN a891.4511 aBora, Mahendra ,eAuthor.11aAsamiya Kavitar chandacby Mahendra Bora a3rd. aGuwahati:bJyoti Prakashan,990. a164p:c23cm. aAssamese poem aAsamiya Kavitar chanda